00805namaa22001811 4500001000700000003000900007005001700016008004100033080001000074080001100084100003700095245033400132260007200466300002200538650002400560650001900584852002000603174287ES-MaACL20250717061210.0100323s1854 sp r |||| | spa d a230.1 a141.121 aDebreyne, Pierre-Jean-Corneille.10aPensamientos de un creyente católico, ó sean consideraciones filosoficas morales y religiosas sobre el materialismo moderno, y otros puntos, como el alma de las bestias, la frenologìa, el suicidio, el duelo ó desafio y el magnetismo animal / cobra... por P. J. C. Debreyne traducida al español de la tercera edición. aBarcelona : bLibrería Religiosa, c1854 (fImpr. de Pablo Riera) a322 p. ; c22 cm.07aMaterialismo2embne04aApologética. aES-MaACLjC-667